书目信息 |
| 题名: |
环境工程制图
|
|
| 作者: | 金适 主编 | |
| 分册: | ||
| 出版信息: | 北京 中国环境科学出版社 2004.12 |
|
| 页数: | 186页 | |
| 开本: | 26cm | |
| 丛书名: | ||
| 单 册: | ||
| 中图分类: | X5 , TU198 | |
| 科图分类: | ||
| 主题词: | 环境工程--huan jing gong cheng--工程制图 , 建筑测量 , 建筑测量--建筑制图 | |
| 电子资源: | ||
| ISBN: | 7-80163-975-8 | |
| 000 | 00905nam0 2200265 450 | |
| 001 | 0136874718 | |
| 005 | 20050421101434.71 | |
| 010 | @a7-80163-975-8@d30.00CNY | |
| 100 | @a20050421d2004 km y0chiy0120 ea | |
| 101 | 0 | @achi |
| 102 | @aCN@b110000 | |
| 105 | @aa a 000yy | |
| 200 | 1 | @a环境工程制图@Ahuan jing gong cheng zhi tu@f金适主编@Fjin shi zhu bian |
| 210 | @a北京@c中国环境科学出版社@d2004.12 | |
| 215 | @a186页@c图@d26cm | |
| 320 | @a有书目 (第186页)。 | |
| 330 | @a本教材结合环境工程专业的特点,增加了建筑工程图,管道工程图和给排水工程图的内容。选用典型施工图纸,配有大量图例,为学生专业图样的绘制和阅读及后继专业课程打下了基础。 | |
| 606 | 0 | @a环境工程@Ahuan jing gong cheng@x工程制图 |
| 606 | 0 | @a建筑测量 |
| 606 | 0 | @a建筑测量@x建筑制图 |
| 690 | @aX5@v4 | |
| 690 | @aTU198@v3 | |
| 701 | 0 | @a金适@Ajin shi@4主编 |
| 801 | 0 | @aCN@bRULIN@c20050421 |
| 905 | @a10447@dTU198@eJ803 | |
| 环境工程制图/金适主编.-北京:中国环境科学出版社,2004.12 |
| 186页:图;26cm |
| ISBN 7-80163-975-8:30.00CNY |
| 本教材结合环境工程专业的特点,增加了建筑工程图,管道工程图和给排水工程图的内容。选用典型施工图纸,配有大量图例,为学生专业图样的绘制和阅读及后继专业课程打下了基础。 |
| ● |
| 相关链接 |
|
|
|
正题名:环境工程制图
索取号:TU198/J803
 
预约/预借
| 序号 | 登录号 | 条形码 | 馆藏地/架位号 | 状态 | 备注 |
| 1 | 521357 | 205213570 | 建筑库101/101建筑库 28排2列1层/ [索取号:TU198/J803] | 在馆 | |
| 2 | 521358 | 205213589 | 建筑库101/101建筑库 28排2列1层/ [索取号:TU198/J803] | 在馆 | |
| 3 | 521359 | 205213598 | 建筑库101/101建筑库 28排2列1层/ [索取号:TU198/J803] | 在馆 |